Catálogo

VERTEBRADOS FOSILES DEL ESTADO DE HIDALGO (Registro nro. 23450)

Detalles MARC
000 -LEADER
fixed length control field 00571nam a2200205 a 4500
001 - CONTROL NUMBER
control field 23450
005 - DATE AND TIME OF LATEST TRANSACTION
control field 20180713221523.0
008 - FIXED-LENGTH DATA ELEMENTS--GENERAL INFORMATION
fixed length control field 140415s1997 mx 000 0 spa d
020 ## - INTERNATIONAL STANDARD BOOK NUMBER
International Standard Book Number 9686340467
041 ## - LANGUAGE CODE
Language code of text/sound track or separate title spa
082 ## - DEWEY DECIMAL CLASSIFICATION NUMBER
Classification number 566
Item number CAS
100 1# - MAIN ENTRY--PERSONAL NAME
Personal name CASTILLO CERON, JESUS MARTIN
245 10 - TITLE STATEMENT
Title VERTEBRADOS FOSILES DEL ESTADO DE HIDALGO
250 ## - EDITION STATEMENT
Edition statement 1a ed.
260 ## - PUBLICATION, DISTRIBUTION, ETC.
Place of publication, distribution, etc. MEXICO :
Name of publisher, distributor, etc. UAEH,
Date of publication, distribution, etc. 1997
300 ## - PHYSICAL DESCRIPTION
Extent 75
490 ## - SERIES STATEMENT
Series statement RAICES HIDALGUENSES
650 14 - SUBJECT ADDED ENTRY--TOPICAL TERM
Topical term or geographic name entry element PALEONTOLOGIA
General subdivision VERTEBRADOS FOSILES
700 1# - ADDED ENTRY--PERSONAL NAME
Personal name CABRAL PERDOMO, MIGUEL ANGEL
Relator term coaut.
Existencias
Withdrawn status Lost status Source of classification or shelving scheme Damaged status Not for loan Collection code Home library Current library Shelving location Date acquired Source of acquisition Inventory number Total Checkouts Full call number Barcode Date last seen Price effective from Koha item type
    Dewey Decimal Classification     General Biblioteca Karol Wojtyla Biblioteca Karol Wojtyla Sala general 03/12/2013 Compra 151000000000000000000079   566 CAS 44274 16/02/2026 03/12/2013 Libro